TOP 50 obchodných spoločností naznačuje zmeny
Rebríček obchodných a distribučných spoločností s najvyšším celkovým obratom v roku 1998. Zmeny v poradí prvých desiatich najúspešnejších obchodníkov od roku 1997. Stále napredovanie reťazca Tesco Stores. Mierny úpadok spoločnosti Interkontakt Group a jej reštrukturalizácia. Vývoj obratov obchodných...
Uložené v:
| Hlavný autor: | |
|---|---|
| Médium: | Kapitola |
| Jazyk: | Slovak |
| Predmet: | |
| Tagy: |
Žiadne tagy, Buďte prvý, kto otaguje tento záznam!
|
MARC
| LEADER | 00000naa a2200000 4500 | ||
|---|---|---|---|
| 001 | r034845 | ||
| 005 | 20230929112741.1 | ||
| 041 | 0 | |a slo | |
| 044 | |a SK | ||
| 245 | 1 | 0 | |a TOP 50 obchodných spoločností naznačuje zmeny |c Andrea Hinková |
| 520 | |a Rebríček obchodných a distribučných spoločností s najvyšším celkovým obratom v roku 1998. Zmeny v poradí prvých desiatich najúspešnejších obchodníkov od roku 1997. Stále napredovanie reťazca Tesco Stores. Mierny úpadok spoločnosti Interkontakt Group a jej reštrukturalizácia. Vývoj obratov obchodných spoločností už etablovaných na slovenskom trhu. Nové úspešné subjekty v rebríčku TOP 50. | ||
| 610 | 2 | 0 | |a spoločnosti obchodné |
| 610 | 2 | 0 | |a obchod |
| 610 | 2 | 0 | |a maloobchod |
| 610 | 2 | 0 | |a veľkoobchod |
| 610 | 2 | 0 | |a predajne |
| 610 | 2 | 0 | |a obrat obchodný |
| 610 | 2 | 0 | |a supermarkety |
| 610 | 2 | 0 | |a Slovensko |
| 610 | 2 | 0 | |a Tesco Stores SR, a.s. Bratislava |
| 610 | 2 | 0 | |a Interkontakt Group, a.s. |
| 610 | 2 | 0 | |a 1998 |
| 610 | 2 | 0 | |a reťazce obchodné |
| 610 | 2 | 0 | |a reťazce distribučné |
| 100 | 1 | |a Hinková-Dibarborová, Andrea | |